| 000 | 00464nam a2200145 a 4500 | ||
|---|---|---|---|
| 001 | 000036314 | ||
| 005 | 20200930075649.0 | ||
| 008 | 120113s1987 sp a 000 0 spa d | ||
| 040 |
_aDO-SdBNP _bspa _cBNPHU |
||
| 245 | 0 | 0 |
_aDiabetes cuidados y control / _ctraducción Assumpta Enseñat. |
| 260 |
_aBarcelona : _bEdiciones Doyma, _c1987. |
||
| 300 |
_a223 p. : _bil., col. ; _c24 cm. |
||
| 650 | 2 | 4 |
_aDiabetes mellitus _962470 |
| 700 | 1 |
_aEnseñat, Assumpta, _etrad. _962471 |
|
| 999 |
_c35805 _d35805 |
||